[Event "CRO-ch U15"]
[Site "Trogir"]
[Date "2021.06.23"]
[Round "8"]
[White "Begic, Domagoj"]
[Black "Bunic, Emanuel"]
[Result "1/2-1/2"]
[WhiteElo "1834"]
[BlackElo "1854"]
[PlyCount "126"]
[EventDate "2021.06.18"]
[EventType "swiss"]
[EventRounds "9"]
[EventCountry "CRO"]
[SourceTitle "EXT 2022"]
[Source "ChessBase"]
[SourceDate "2021.10.06"]
[SourceVersion "1"]
[SourceVersionDate "2021.10.06"]
[SourceQuality "1"]

1. d4 Nf6 2. c4 e6 3. Nf3 Bb4+ 4. Bd2 a5 5. a3 Bxd2+ 6. Nbxd2 0-0 7. e3 b6 8. Bd3 Bb7 9. 0-0 d6 10. e4 Nc6 11. Qc2 e5 12. d5 Ne7 13. b4 Ng6 14. g3 Bc8 15. Rfe1 Bh3 16. Ng5 Bg4 17. Bf1 Nh5 18. h4 Qd7 19. Kh2 h6 20. Nh3 Qe7 21. b5 f5 22. exf5 Bxf5 23. Qd1 Nf6 24. f3 Rae8 25. Bg2 Bc8 26. Qe2 Nd7 27. Ne4 Qf7 28. Rf1 Kh8 29. Rae1 Nf6 30. Nxf6 Qxf6 31. Nf2 Ne7 32. Ne4 Qg6 33. Bh3 Bxh3 34. Kxh3 Nf5 35. Rf2 Nd4 36. Qd3 Rf7 37. Ref1 Ref8 38. f4 Kg8 39. a4 Qf5+ 40. g4 Qd7 41. fxe5 dxe5 42. Rxf7 Rxf7 43. Rxf7 Qxf7 44. Ng3 Qf2 45. Qe4 Nf3 46. g5 hxg5 47. h5 Ng1+ 48. Kg4 Qf4+ 49. Qxf4 gxf4 50. Ne4 Kf7 51. d6 cxd6 52. Nxd6+ Ke6 53. Ne4 Ne2 54. Ng5+ Kd6 55. Ne4+ Kd7 56. c5 bxc5 57. Nxc5+ Kc8 58. Nb3 Nc3 59. Nxa5 Nxa4 60. Nc4 Nc3 61. Nxe5 Nxb5 62. Kxf4 Nd4 63. Kg5 Kd8 1/2-1/2

[Event "CRO-ch U15"]
[Site "Trogir"]
[Date "2021.06.23"]
[Round "7"]
[White "Bunic, Emanuel"]
[Black "Grgantov, Marin"]
[Result "1-0"]
[WhiteElo "1854"]
[BlackElo "1956"]
[PlyCount "139"]
[EventDate "2021.06.18"]
[EventType "swiss"]
[EventRounds "9"]
[EventCountry "CRO"]
[SourceTitle "EXT 2022"]
[Source "ChessBase"]
[SourceDate "2021.10.06"]
[SourceVersion "1"]
[SourceVersionDate "2021.10.06"]
[SourceQuality "1"]

1. d4 d5 2. c4 c6 3. Nc3 Nf6 4. e3 e6 5. Nf3 Nbd7 6. Qc2 Bd6 7. Bd3 0-0 8. 0-0 Qe7 9. e4 dxe4 10. Nxe4 Nxe4 11. Bxe4 h6 12. Re1 Nf6 13. Bd3 c5 14. b3 b6 15. Bb2 cxd4 16. Nxd4 Qc7 17. h3 a6 18. Be4 Nxe4 19. Qxe4 Bb7 20. Qg4 f5 21. Qd1 e5 22. Ne6 Qc6 23. Qd5 Qxd5 24. cxd5 Rfe8 25. Rad1 Bxd5 26. Nxg7 Kxg7 27. Rxd5 Rad8 28. Red1 Bc7 29. Rxd8 Bxd8 30. f4 Kf7 31. Bxe5 Be7 32. Kf2 Ke6 33. Kf3 Rc8 34. Rd2 Rc1 35. g4 Rf1+ 36. Kg2 Re1 37. Kf2 Rh1 38. Kg2 Re1 39. Bg7 Kf7 40. Bxh6 Kg6 41. g5 Re4 42. Kf3 Bc5 43. Re2 Rxe2 44. Kxe2 Bd6 45. Kf3 Bc5 46. h4 Bd6 47. h5+ Kxh5 48. Bg7 Kg6 49. Bd4 b5 50. Be3 Kf7 51. Ke2 Ke6 52. Kd3 Kd5 53. Bc1 Bc5 54. Bb2 Bd6 55. g6 Ke6 56. Be5 Bc5 57. Kc3 Be7 58. g7 Kf7 59. Kd4 a5 60. Kd5 a4 61. Kc6 axb3 62. axb3 b4 63. Kb5 Kg8 64. Kc6 Kf7 65. Bd6 Bh4 66. Bxb4 Kxg7 67. Bd6 Kf6 68. b4 Ke6 69. b5 Bf2 70. Be5 1-0

[Event "CRO-chT U20 30th"]
[Site "Rabac"]
[Date "2021.04.10"]
[Round "10.1"]
[White "Bunic, Emanuel"]
[Black "Novosel, Marko"]
[Result "1/2-1/2"]
[WhiteElo "1839"]
[BlackElo "2130"]
[PlyCount "98"]
[EventDate "2021.04.06"]
[EventType "team-tourn"]
[EventRounds "11"]
[EventCountry "CRO"]
[SourceTitle "CBM 201 Extra"]
[Source "ChessBase"]
[SourceDate "2021.05.31"]
[SourceVersion "1"]
[SourceVersionDate "2021.05.31"]
[SourceQuality "1"]
[WhiteTeam "Koprivnica U20"]
[BlackTeam "Oroslavje U20"]
[WhiteTeamCountry "CRO"]
[BlackTeamCountry "CRO"]

1. d4 Nf6 2. c4 e5 3. dxe5 Ng4 4. Bf4 Nc6 5. Nf3 Bb4+ 6. Nbd2 Qe7 7. e3 Ngxe5 8. Nxe5 Nxe5 9. Be2 d6 10. 0-0 Bxd2 11. Qxd2 h5 12. Qd4 c5 13. Qc3 Bd7 14. Bxe5 dxe5 15. Rfd1 f6 16. Qd3 0-0-0 17. Qd6 Qxd6 18. Rxd6 h4 19. Rad1 Bc6 20. Rxd8+ Rxd8 21. Rxd8+ Kxd8 22. f3 Ke7 23. e4 g6 24. Bd3 Bd7 25. Kf2 f5 26. g3 hxg3+ 27. hxg3 f4 28. g4 Kf6 29. Bf1 a6 30. Bd3 Kg5 31. b3 Kf6 32. Ke1 Ke6 33. Kd2 Kd6 34. Kc3 Kc6 35. Be2 Kb6 36. Bf1 Ka5 37. Be2 b5 38. Bf1 g5 39. Be2 Bc6 40. Bf1 Bd7 41. Be2 Be6 42. Bf1 Kb6 43. Be2 Bd7 44. Bf1 Be8 45. Be2 Ka5 46. Bf1 Kb6 47. Be2 Bf7 48. Bf1 Be6 49. Be2 Bf7 1/2-1/2

[Event "CRO-chT U20 30th"]
[Site "Rabac"]
[Date "2021.04.09"]
[Round "8.1"]
[White "Bunic, Emanuel"]
[Black "Jakrlin, Mihael"]
[Result "0-1"]
[WhiteElo "1839"]
[BlackElo "2106"]
[PlyCount "96"]
[EventDate "2021.04.06"]
[EventType "team-tourn"]
[EventRounds "11"]
[EventCountry "CRO"]
[SourceTitle "CBM 201 Extra"]
[Source "ChessBase"]
[SourceDate "2021.05.31"]
[SourceVersion "1"]
[SourceVersionDate "2021.05.31"]
[SourceQuality "1"]
[WhiteTeam "Koprivnica U20"]
[BlackTeam "Rijeka Junior U20"]
[WhiteTeamCountry "CRO"]
[BlackTeamCountry "CRO"]

1. d4 d5 2. c4 c6 3. Nc3 Nf6 4. e3 g6 5. Nf3 Bg7 6. Bd3 0-0 7. 0-0 Nbd7 8. b3 Re8 9. Ne5 Nxe5 10. dxe5 Ne4 11. Nxe4 Bxe5 12. Rb1 dxe4 13. Bxe4 Qa5 14. Qc2 Rd8 15. b4 Qc7 16. h3 Rb8 17. f4 Bg7 18. Bb2 c5 19. Bxg7 Kxg7 20. Qc3+ f6 21. b5 Be6 22. Rb2 Rd6 23. Rbf2 Bf7 24. Bc2 Rbd8 25. g4 Qd7 26. a4 Qe6 27. Rc1 b6 28. Bb1 Rd1+ 29. Rf1 Rxf1+ 30. Kxf1 Qxc4+ 31. Qxc4 Bxc4+ 32. Rxc4 Rd1+ 33. Kf2 Rxb1 34. Kf3 Kf7 35. f5 e6 36. fxe6+ Kxe6 37. Re4+ Kf7 38. Rc4 Rb4 39. Rxb4 cxb4 40. Ke4 Ke6 41. Kd4 b3 42. Kc3 Ke5 43. Kxb3 Ke4 44. Kc4 f5 45. a5 fxg4 46. hxg4 h5 47. axb6 axb6 48. gxh5 gxh5 0-1

[Event "CRO-ch U13"]
[Site "Trogir"]
[Date "2020.08.28"]
[Round "8"]
[White "Grgantov, Marin"]
[Black "Bunic, Emanuel"]
[Result "1/2-1/2"]
[WhiteElo "1911"]
[BlackElo "1758"]
[PlyCount "109"]
[EventDate "2020.08.24"]
[EventType "swiss"]
[EventRounds "9"]
[EventCountry "CRO"]
[SourceTitle "CBM 198 Extra"]
[Source "ChessBase"]
[SourceDate "2020.11.30"]
[SourceVersion "1"]
[SourceVersionDate "2020.11.30"]
[SourceQuality "1"]

1. e4 e5 2. Nf3 Nc6 3. d4 exd4 4. Bc4 Bc5 5. c3 Nf6 6. cxd4 Bb4+ 7. Bd2 Bxd2+ 8. Nbxd2 d5 9. exd5 Nxd5 10. Qb3 Nce7 11. 0-0 0-0 12. Ne4 c6 13. Nc3 Nb6 14. Bd3 h6 15. Rfe1 Ned5 16. a3 Be6 17. Qc2 Nf4 18. Bf5 Qf6 19. Bxe6 Nxe6 20. Rad1 Rad8 21. Qe4 Ng5 22. Nxg5 Qxg5 23. Qe7 Qxe7 24. Rxe7 Rd7 25. Rxd7 Nxd7 26. Ne4 Nb6 27. Nd6 Rb8 28. Re1 Kf8 29. Re3 Nd5 30. Rg3 Ne7 31. Kf1 b5 32. Rf3 f6 33. Nf5 Rd8 34. Nxe7 Kxe7 35. Re3+ Kd6 36. Ke2 Rd7 37. Kd3 Re7 38. b4 f5 39. f3 Re6 40. Rxe6+ Kxe6 41. Ke3 g5 42. Kd3 Kd5 43. Kc3 h5 44. Kd3 h4 45. h3 Ke6 46. Ke3 Kf6 47. Kf2 g4 48. Ke2 gxh3 49. gxh3 Kg5 50. Ke3 a6 51. f4+ Kf6 52. Ke2 Ke6 53. Kd2 Kd6 54. Kc2 Kd5 55. Kd3 1/2-1/2

[Event "CRO-ch U13"]
[Site "Trogir"]
[Date "2020.08.24"]
[Round "1"]
[White "Krizanic, Petar"]
[Black "Bunic, Emanuel"]
[Result "0-1"]
[WhiteElo "1294"]
[BlackElo "1758"]
[PlyCount "48"]
[EventDate "2020.08.24"]
[EventType "swiss"]
[EventRounds "9"]
[EventCountry "CRO"]
[SourceTitle "CBM 198 Extra"]
[Source "ChessBase"]
[SourceDate "2020.11.30"]
[SourceVersion "1"]
[SourceVersionDate "2020.11.30"]
[SourceQuality "1"]

1. e4 e5 2. Nf3 Nc6 3. Bc4 Bc5 4. 0-0 Nf6 5. Nc3 d6 6. h3 0-0 7. d3 Na5 8. Bb3 Nxb3 9. axb3 a6 10. Bg5 Be6 11. Qe2 Kh8 12. Rfd1 h6 13. Bh4 g5 14. Bg3 g4 15. hxg4 Bxg4 16. Qd2 Kh7 17. Bh4 Rg8 18. Kf1 c6 19. Re1 Rg6 20. Ke2 Bh5 21. Rg1 Qd7 22. Na4 Ba7 23. c3 Rag8 24. c4 Bxf3+ 0-1

[Event "CRO-chT U16 29th"]
[Site "Sesvete"]
[Date "2020.06.27"]
[Round "3.1"]
[White "Bunic, Emanuel"]
[Black "Novosel, Lovro"]
[Result "1-0"]
[WhiteElo "1713"]
[BlackElo "1719"]
[PlyCount "53"]
[EventDate "2020.06.20"]
[EventType "team-tourn"]
[EventRounds "9"]
[EventCountry "CRO"]
[SourceTitle "EXT 2021"]
[Source "ChessBase"]
[SourceDate "2020.10.23"]
[SourceVersion "1"]
[SourceVersionDate "2020.10.23"]
[SourceQuality "1"]
[WhiteTeam "Koprivnica"]
[BlackTeam "Sveta Nedelja"]
[WhiteTeamCountry "CRO"]
[BlackTeamCountry "CRO"]

1. d4 Nf6 2. c4 c5 3. Nf3 g6 4. g3 Bg7 5. Bg2 0-0 6. 0-0 d6 7. Nc3 a6 8. a4 Nc6 9. e3 Qc7 10. b3 Bf5 11. Nh4 Bg4 12. Qd2 Qb6 13. d5 Na5 14. Rb1 g5 15. h3 Bd7 16. Nf3 Bf5 17. Rb2 Ne4 18. Nxe4 Bxe4 19. Nxg5 Bg6 20. f4 h6 21. f5 hxg5 22. fxg6 f5 23. Qd1 Bxb2 24. Qh5 Rf7 25. gxf7+ Kf8 26. Bxb2 Qxb3 27. Qh7 1-0

[Event "CRO-chT U18"]
[Site "Cakovec"]
[Date "2019.12.29"]
[Round "6.2"]
[White "Bunic, Emanuel"]
[Black "Dumancic, Simun"]
[Result "0-1"]
[WhiteElo "1721"]
[BlackElo "1885"]
[PlyCount "84"]
[EventDate "2019.12.27"]
[EventType "team-tourn"]
[EventRounds "7"]
[EventCountry "CRO"]
[SourceTitle "CBM 194 Extra"]
[Source "ChessBase"]
[SourceDate "2020.03.31"]
[SourceVersion "1"]
[SourceVersionDate "2020.03.31"]
[SourceQuality "1"]

1. d4 Nf6 2. c4 g6 3. g3 Bg7 4. Bg2 0-0 5. Nc3 c5 6. d5 d6 7. Nf3 Nbd7 8. 0-0 a6 9. Qb3 Rb8 10. a4 b6 11. e4 Ng4 12. h3 Nge5 13. Nxe5 Nxe5 14. f4 Nd3 15. Bd2 Nb4 16. Ne2 a5 17. Bc3 e6 18. Bxg7 Kxg7 19. Nc3 exd5 20. exd5 Bf5 21. Nb5 h5 22. Qc3+ Kg8 23. Rae1 Rb7 24. Kh2 Nd3 25. Re3 Re7 26. Rxd3 Bxd3 27. Qxd3 Rfe8 28. Nc3 Re3 29. Qc2 f5 30. Rf3 Qe7 31. Rf2 Kf7 32. Bf3 Qf6 33. h4 Qd4 34. Nd1 Rd3 35. Kg2 Re1 36. Be2 Qe4+ 37. Bf3 Rxf3 38. Qxe4 fxe4 39. Nc3 Rd3 40. Nb5 Ke7 41. f5 gxf5 42. Rxf5 Rd2+ 0-1

[Event "EU-ch U12"]
[Site "Bratislava"]
[Date "2019.08.10"]
[Round "9"]
[White "Bunic, Emanuel"]
[Black "Mikolas, Petr"]
[Result "1-0"]
[WhiteElo "1718"]
[BlackElo "1482"]
[PlyCount "65"]
[EventDate "2019.08.02"]
[EventType "swiss"]
[EventRounds "9"]
[EventCountry "SVK"]
[SourceTitle "EXT 2020"]
[Source "ChessBase"]
[SourceDate "2019.10.17"]
[SourceVersion "1"]
[SourceVersionDate "2019.10.17"]
[SourceQuality "1"]

1. d4 d5 2. c4 c6 3. Nf3 Nf6 4. e3 Bg4 5. Nc3 e6 6. h3 Bh5 7. Bd2 Qc7 8. Bd3 dxc4 9. Bxc4 Bd6 10. Bd3 Nbd7 11. Rc1 Rc8 12. Nb5 Qb8 13. Nxd6+ Qxd6 14. Qb3 Bxf3 15. gxf3 Rb8 16. Bb4 Qd5 17. Qxd5 Nxd5 18. Bd6 Rd8 19. Rg1 g6 20. e4 N7b6 21. Bg3 Nb4 22. Bb1 f6 23. Kd2 Rxd4+ 24. Kc3 Rc4+ 25. Kb3 Rxc1 26. Rxc1 Na6 27. Bd3 Kd7 28. Bxa6 bxa6 29. Kb4 Na8 30. Rd1+ Ke7 31. Ka5 Rd8 32. Rxd8 Kxd8 33. Kxa6 1-0

[Event "EU-ch U12"]
[Site "Bratislava"]
[Date "2019.08.04"]
[Round "3"]
[White "Bunic, Emanuel"]
[Black "Uritsky, Yonathan"]
[Result "0-1"]
[WhiteElo "1718"]
[BlackElo "1926"]
[PlyCount "114"]
[EventDate "2019.08.02"]
[EventType "swiss"]
[EventRounds "9"]
[EventCountry "SVK"]
[SourceTitle "EXT 2020"]
[Source "ChessBase"]
[SourceDate "2019.10.17"]
[SourceVersion "1"]
[SourceVersionDate "2019.10.17"]
[SourceQuality "1"]

1. d4 Nf6 2. c4 g6 3. g3 c5 4. Nf3 cxd4 5. Nxd4 Bg7 6. Bg2 0-0 7. 0-0 Nc6 8. e3 d6 9. Nc3 Bd7 10. b3 Qa5 11. Bb2 Rac8 12. Re1 Bg4 13. Qd2 Qh5 14. Nxc6 bxc6 15. Ne2 e5 16. f4 e4 17. Nc3 Bf3 18. h3 d5 19. Qf2 Bg4 20. Qf1 Be6 21. cxd5 cxd5 22. Rec1 Nd7 23. Na4 Bxb2 24. Nxb2 Nc5 25. g4 Qh4 26. b4 Qf6 27. Qe2 Na6 28. a3 Bd7 29. Rab1 Qb6 30. Bf1 Nc7 31. Qd2 Ne6 32. Kg2 d4 33. Nc4 Qb8 34. Ne5 Rcd8 35. Bc4 Qb6 36. exd4 Bc8 37. Bxe6 Bxe6 38. Rc5 Bd5 39. Qe3 Qe6 40. Rbc1 Rc8 41. g5 Rxc5 42. Rxc5 Bb7 43. Ng4 Rd8 44. Kg3 Kg7 45. Qc3 Bd5 46. Rc7 Qa6 47. Qe3 Qd3 48. Kf2 Be6 49. Ne5 Qd1 50. Rxa7 Rxd4 51. Rc7 Rd2+ 52. Kg3 Re2 53. Qc3 Qg1+ 54. Kh4 Qf2+ 55. Qg3 Re3 56. Rxf7+ Kg8 57. Nf3 Rxf3 0-1

[Event "EU-ch U12"]
[Site "Bratislava"]
[Date "2019.08.02"]
[Round "1"]
[White "Bunic, Emanuel"]
[Black "Celik, Hasan Huseyin"]
[Result "0-1"]
[WhiteElo "1718"]
[BlackElo "2126"]
[PlyCount "58"]
[EventDate "2019.08.02"]
[EventType "swiss"]
[EventRounds "9"]
[EventCountry "SVK"]
[SourceTitle "EXT 2020"]
[Source "ChessBase"]
[SourceDate "2019.10.17"]
[SourceVersion "1"]
[SourceVersionDate "2019.10.17"]
[SourceQuality "1"]

1. d4 Nf6 2. c4 g6 3. g3 Bg7 4. Bg2 0-0 5. Nc3 d6 6. Nf3 c6 7. 0-0 Qa5 8. e4 e5 9. h3 Nbd7 10. Re1 exd4 11. Nxd4 Ne5 12. Bf1 Re8 13. Be3 Be6 14. Nxe6 Rxe6 15. Kg2 Rae8 16. a3 Ned7 17. Bd3 Qc7 18. b4 Ng4 19. Bd2 Nge5 20. Bf1 Nf6 21. Qc2 d5 22. exd5 cxd5 23. cxd5 Nxd5 24. Qb3 Nxc3 25. Bxc3 Qc6+ 26. f3 Qxf3+ 27. Kh2 Qf2+ 28. Bg2 Nf3+ 29. Kh1 Rxe1+ 0-1

[Event "CRO-ch U13"]
[Site "Trogir"]
[Date "2019.06.22"]
[Round "9"]
[White "Bunic, Emanuel"]
[Black "Zadro, Matej"]
[Result "1-0"]
[WhiteElo "1662"]
[BlackElo "1570"]
[PlyCount "79"]
[EventDate "2019.06.17"]
[EventType "swiss"]
[EventRounds "9"]
[EventCountry "CRO"]
[SourceTitle "EXT 2020"]
[Source "ChessBase"]
[SourceDate "2019.10.17"]
[SourceVersion "1"]
[SourceVersionDate "2019.10.17"]
[SourceQuality "1"]

1. d4 Nf6 2. c4 g6 3. g3 Bg7 4. Bg2 0-0 5. Nf3 d6 6. 0-0 c6 7. Nc3 Bf5 8. Nh4 Be6 9. b3 d5 10. c5 Na6 11. f4 Ne4 12. Bb2 Nxc3 13. Bxc3 Nxc5 14. f5 Bxf5 15. Nxf5 gxf5 16. Rxf5 Nd7 17. e4 e6 18. Rf4 dxe4 19. Bxe4 f5 20. Bd3 Nb6 21. Bb2 c5 22. Qe2 Qd7 23. Bb5 Qe7 24. Ba3 Nd5 25. Rh4 Nc3 26. Qc4 Nxb5 27. Qxb5 a6 28. Qb6 Bf6 29. Bxc5 Qd7 30. Rh6 Rf7 31. Re1 Kg7 32. Rh5 Re8 33. Qb4 Kg6 34. Rh3 e5 35. Qd2 f4 36. Qg2 f3 37. Qc2+ Qf5 38. Rh6+ Kxh6 39. Qxf5 Kg7 40. Qxf3 1-0

[Event "CRO-ch U13"]
[Site "Trogir"]
[Date "2019.06.19"]
[Round "4"]
[White "Vasilijevic, Vili"]
[Black "Bunic, Emanuel"]
[Result "1/2-1/2"]
[WhiteElo "1554"]
[BlackElo "1662"]
[PlyCount "34"]
[EventDate "2019.06.17"]
[EventType "swiss"]
[EventRounds "9"]
[EventCountry "CRO"]
[SourceTitle "EXT 2020"]
[Source "ChessBase"]
[SourceDate "2019.10.17"]
[SourceVersion "1"]
[SourceVersionDate "2019.10.17"]
[SourceQuality "1"]

1. e4 e5 2. Nf3 Nc6 3. Nc3 Nf6 4. a3 d6 5. d4 Bg4 6. Bb5 exd4 7. Qxd4 Bd7 8. Bxc6 Bxc6 9. 0-0 Be7 10. Bg5 0-0 11. Rfe1 h6 12. Bh4 Ng4 13. Bxe7 Qxe7 14. Nd5 Bxd5 15. exd5 Qd7 16. h3 Nf6 17. Rad1 a5 1/2-1/2

[Event "CRO-ch U13"]
[Site "Trogir"]
[Date "2019.06.17"]
[Round "1"]
[White "Bunic, Emanuel"]
[Black "Hranj, Martin"]
[Result "1-0"]
[WhiteElo "1662"]
[BlackElo "1224"]
[PlyCount "49"]
[EventDate "2019.06.17"]
[EventType "swiss"]
[EventRounds "9"]
[EventCountry "CRO"]
[SourceTitle "EXT 2020"]
[Source "ChessBase"]
[SourceDate "2019.10.17"]
[SourceVersion "1"]
[SourceVersionDate "2019.10.17"]
[SourceQuality "1"]

1. d4 Nf6 2. c4 g6 3. g3 Bg7 4. Bg2 0-0 5. Nc3 d6 6. Nf3 a6 7. 0-0 Nbd7 8. Qc2 Rb8 9. a4 Nb6 10. b3 Re8 11. e4 Nbd7 12. Bb2 c5 13. Rad1 cxd4 14. Nxd4 Nc5 15. e5 Bf5 16. Nxf5 gxf5 17. exf6 Bxf6 18. Qxf5 Nxb3 19. Be4 e6 20. Qxh7+ Kf8 21. Bc2 Nc5 22. Ba1 Ke7 23. Bg6 Rf8 24. Rfe1 Qe8 25. Nd5+ 1-0